| 000 | 00456nam a2200157Ia 4500 | ||
|---|---|---|---|
| 008 | 151213s9999 xx 000 0 und d | ||
| 100 | _aEverett E. Adom & Ronald J. Ebert | ||
| 245 |
_aProduction & operation management _cEverett E. Adom & Ronald J. Ebert |
||
| 250 | _a5th | ||
| 260 |
_aNew Delhi _bPrentice hall _c2000 |
||
| 300 | _a1057 p. | ||
| 650 | _aManagement | ||
| 650 | _aManagement | ||
| 700 | _aEverett E. Adom & Ronald J. Ebert | ||
| 999 |
_c1019 _d1019 |
||